Deviaty triumf "Hochšíkov" Svetový pohár vo vodnom slalome - 2. kolo

Bibliographic Details
Format: Article
Language:Slovak
Subjects:

MARC

LEADER 00000nab a2200000 ar4500
001 vtls009311670
003 SK-MaSNL
005 20260303174131.0
008 080714c20080707xo wr|p|||||||000 b|slo
015 |a SNBRB2008/08  |2 snkbucl 
038 |a SNKBUCL 
040 |a SNKBUCL  |b slo  |c SNKBUCL  |e AACR2 
041 0 |a slo 
044 |a xo  |c SK 
080 |a 797.122.2/.3.093.1  |x (100)  |2 2001 
245 0 0 |a Deviaty triumf "Hochšíkov"  |b Svetový pohár vo vodnom slalome - 2. kolo 
300 |b Fotogr., tab. 
650 0 7 |a vodný slalom  |2 snkbucl  |9 74529 
650 0 7 |a Svetový pohár  |2 snkbucl  |9 842306 
650 0 7 |a 3. kolo  |2 snkbucl  |9 872645 
651 7 |a Augsburg (Nemecko)  |2 snkbucl  |9 182594 
773 0 |t Šport  |g Roč. 62, č. 156 (7.7.2008), s. 37  |x 0139-7001 
852 |a SNK  |b KIS3GCP 
999 |c 2095430  |d 2097360